书目信息 |
| 题名: |
居室美化
|
|
| 作者: | 敕绍斌 编著 | |
| 分册: | ||
| 出版信息: | 福州 福建科学技术出版社 2000.02 |
|
| 页数: | 62页 | |
| 开本: | 32开 | |
| 丛书名: | ||
| 单 册: | ||
| 中图分类: | TU238.2 | |
| 科图分类: | ||
| 主题词: | 建筑设计 | |
| 电子资源: | ||
| ISBN: | 7-5335-1571-4 | |
| 000 | 00538nam0 2200193 45 | |
| 001 | 0007271064 | |
| 005 | 20000727103356.0 | |
| 010 | @a7-5335-1571-4@d7.00元 | |
| 100 | @a20000727d2000 km y0chiy0120 ea | |
| 101 | 0 | @achi |
| 105 | @a z 000yy | |
| 200 | 1 | @a居室美化@AJu Shi Mei Hua@f敕绍斌编著@FChi Shao Bin Bian Zhu |
| 210 | @a福州@c福建科学技术出版社@d2000.02 | |
| 215 | @a62页@d32开 | |
| 606 | 0 | @a建筑设计 |
| 690 | @aTU238.2@v3 | |
| 701 | 0 | @a敕绍斌@4编著 |
| 801 | @aCN@bPftUser@c20000727 | |
| 905 | @b80362-381@dTU238.2@eL071/1@f20 | |
| 居室美化/敕绍斌编著.-福州:福建科学技术出版社,2000.02 |
| 62页;32开 |
| ISBN 7-5335-1571-4:7.00元 |
| ● |
| 相关链接 |
|
|
|
正题名:居室美化
索取号:TU238.2/L071/1
 
预约/预借
| 序号 | 登录号 | 条形码 | 馆藏地/架位号 | 状态 | 备注 |
| 1 | 80362 | 200803620 | 自科二线404/404自科库 19排6列4层/ [索取号:TU238.2/L071/1] | 在馆 | |
| 2 | 80363 | 200803639 | 自科二线404/404自科库 19排6列4层/ [索取号:TU238.2/L071/1] | 在馆 | |
| 3 | 80364 | 200803648 | 自科二线404/404自科库 19排6列4层/ [索取号:TU238.2/L071/1] | 在馆 | |
| 4 | 80365 | 200803657 | 自科二线404/404自科库 19排6列4层/ [索取号:TU238.2/L071/1] | 在馆 | |
| 5 | 80366 | 200803666 | 自科二线404/404自科库 19排6列4层/ [索取号:TU238.2/L071/1] | 在馆 | |
| 6 | 80367 | 200803675 | 自科二线404/404自科库 19排6列4层/ [索取号:TU238.2/L071/1] | 在馆 | |
| 7 | 80368 | 200803684 | 自科二线404/404自科库 19排6列4层/ [索取号:TU238.2/L071/1] | 在馆 | |
| 8 | 80369 | 200803693 | 自科二线404/404自科库 19排6列4层/ [索取号:TU238.2/L071/1] | 在馆 | |
| 9 | 80370 | 200803700 | 自科二线404/404自科库 19排6列4层/ [索取号:TU238.2/L071/1] | 在馆 | |
| 10 | 80371 | 200803719 | 自科二线404/404自科库 18排2列4层/ [索取号:TU238.2/L071/1] | 在馆 | |
| 11 | 80372 | 200803728 | 自科二线404/404自科库 19排6列4层/ [索取号:TU238.2/L071/1] | 在馆 | |
| 12 | 80373 | 200803737 | 自科二线404/404自科库 19排6列4层/ [索取号:TU238.2/L071/1] | 在馆 | |
| 13 | 80374 | 200803746 | 自科二线404/404自科库 19排6列4层/ [索取号:TU238.2/L071/1] | 在馆 | |
| 14 | 80375 | 200803755 | 自科二线404/404自科库 19排6列4层/ [索取号:TU238.2/L071/1] | 在馆 | |
| 15 | 80376 | 200803764 | 自科二线404/404自科库 19排6列4层/ [索取号:TU238.2/L071/1] | 在馆 | |
| 16 | 80377 | 200803773 | 自科二线404/404自科库 19排6列4层/ [索取号:TU238.2/L071/1] | 在馆 | |
| 17 | 80378 | 200803782 | 自科二线404/404自科库 19排6列4层/ [索取号:TU238.2/L071/1] | 在馆 | |
| 18 | 80379 | 200803791 | 自科二线404/404自科库 19排6列4层/ [索取号:TU238.2/L071/1] | 在馆 | |
| 19 | 80380 | 200803808 | 自科二线404/404自科库 19排6列4层/ [索取号:TU238.2/L071/1] | 在馆 | |
| 20 | 80381 | 200803817 | 自科二线404/404自科库 19排6列4层/ [索取号:TU238.2/L071/1] | 在馆 |